000 00316 a2200157 4500
001 180520
020 _a
040 _cMagnum
100 _aArrabal, Jose
240 1 0 _aO sapo e a jiboia
_lpor
245 1 0 _aO sapo e a jiboia
362 0 _a1899
440 1 _aFTD
697 _aMAGNITO: IJ/FABULAS
942 _cBK
999 _c180520
_d180520